[Event "Zuoz Engiadina op 24th"]
[Site "Zuoz"]
[Date "2017.10.09"]
[Round "3"]
[White "Pluess, Rudolf"]
[Black "Arquint, Andri"]
[Result "0-1"]
[WhiteElo "1573"]
[BlackElo "1967"]
[PlyCount "82"]
[EventDate "2017.10.07"]
[EventType "swiss"]
[EventRounds "7"]
[EventCountry "SUI"]
[SourceTitle "CBM 181 Extra"]
[Source "ChessBase"]
[SourceDate "2017.12.12"]
[SourceVersion "1"]
[SourceVersionDate "2017.12.12"]
[SourceQuality "1"]

1. Nf3 c5 2. c4 g6 3. g3 Bg7 4. Bg2 Nc6 5. 0-0 e5 6. Nc3 d6 7. b3 Nge7 8. Bb2 0-0 9. d3 h6 10. e4 Be6 11. Rb1 Qd7 12. Re1 Bg4 13. a3 Nd4 14. Nd5 Nxd5 15. cxd5 h5 16. Bxd4 cxd4 17. Qd2 Rfc8 18. Rec1 Qb5 19. Ne1 Rxc1 20. Qxc1 Rc8 21. Qd2 Rc3 22. h3 Bd7 23. a4 Qa6 24. Qg5 Qb6 25. Qe7 Bxa4 26. Nf3 Bb5 27. Bf1 Qc7 28. Qg5 Be8 29. Qd2 Rc2 30. Qb4 a5 31. Qa3 Rc3 32. Nd2 b5 33. Qa1 Bh6 34. Nf3 Bd7 35. Kh2 Kg7 36. h4 Bg4 37. Ng1 Rc2 38. Nh3 Bxh3 39. Bxh3 Rxf2+ 40. Kh1 Qc2 41. Kg1 Be3 0-1